Movie by Inmate Quiz Stats

 Plays Quiz Updated Apr 1, 2013

Challenge
Share
Tweet
Embed
Score 0/20 Timer 06:00
0 Plays Today
Inmate Movie % Correct
Andy DufresneShawshank Redemption
89%
John CoffeyThe Green Mile
63.2%
Roxie HartChicago
45.1%
Jake BluesThe Blues Brothers
43.8%
Paul CreweThe Longest Yard
39.9%
Rubin CarterThe Hurricane
38%
Cameron PoeCon Air
37.3%
R.P. McMurphyOne Flew Over the Cuckoo's Nest
36.7%
Ricky VaughnMajor League
33.1%
Edmond DantesThe Count of Monte Cristo
30.4%
Inmate Movie % Correct
Loudmouth SteveCool Hand Luke
25.6%
Frank MorrisEscape from Alcatraz
22.7%
Ulysses Everett McGillO Brother, Where Art Thou
21.8%
Reggie Hammond48 Hours
15.3%
Robert StroudBirdman of Alcatraz
14.1%
Matthew PonceletDead Man Walking
13.8%
Henri CharrierePapillon
12.1%
Billy HayesMidnight Express
7.1%
Vince EverettJailhouse Rock
3.9%
Harry MonroeStir Crazy
2.6%

You're not logged in!

Compare scores with friends on all Sporcle quizzes.
Join for Free
OR
Log In

You Might Also Like...

Show Comments

Extras

Top Quizzes Today


Score Distribution

Your Account Isn't Verified!

In order to create a playlist on Sporcle, you need to verify the email address you used during registration. Go to your Sporcle Settings to finish the process.

Report this User

Report this user for behavior that violates our Community Guidelines.

Details: